000 00542nam a2200205 a 4500
001 13884
003 CO-ViMGA
008 141112s2004 ck r 000 u spa d
020 _a8484030571
040 _aCO-ViMGA
_bspa
_cCO-ViMGA
082 0 4 _a796.8159 P373k
100 1 _aPerez, Adolfo
_920244
245 1 0 _aKung - fu
260 _aMadrid :
_bEdimat Libros,
_c1998
300 _a290
490 _aLibro de Oro : artes marciales
590 _aForma de adquisición : Compra
650 1 4 _aKUNG FU ARTES MARCIALES
_920245
942 _2ddc
_cBK
999 _c24586
_d24586